<?xml version="1.0" encoding="UTF-8"?>
<record
    xmlns:xsi="http://www.w3.org/2001/XMLSchema-instance"
    xsi:schemaLocation="http://www.loc.gov/MARC21/slim http://www.loc.gov/standards/marcxml/schema/MARC21slim.xsd"
    xmlns="http://www.loc.gov/MARC21/slim">

  <leader>01670nam a22003377a 4500</leader>
  <controlfield tag="001">480</controlfield>
  <controlfield tag="003">OSt</controlfield>
  <controlfield tag="005">20250902153116.0</controlfield>
  <controlfield tag="008">250902b        |||||||| |||| 00| 0 eng d</controlfield>
  <datafield tag="020" ind1=" " ind2=" ">
    <subfield code="a">8532205267</subfield>
  </datafield>
  <datafield tag="040" ind1=" " ind2=" ">
    <subfield code="b">por</subfield>
  </datafield>
  <datafield tag="041" ind1=" " ind2=" ">
    <subfield code="h">por</subfield>
  </datafield>
  <datafield tag="082" ind1="0" ind2="4">
    <subfield code="a">028.5</subfield>
    <subfield code="b">A329c</subfield>
  </datafield>
  <datafield tag="100" ind1="1" ind2=" ">
    <subfield code="a">Azevedo, Ricardo,</subfield>
    <subfield code="d">1949-</subfield>
    <subfield code="9">1030</subfield>
  </datafield>
  <datafield tag="245" ind1="1" ind2="0">
    <subfield code="a">Cora&#xE7;&#xE3;o maltrapilho /</subfield>
    <subfield code="c">Ricardo Azevedo ; ilustra&#xE7;&#xF5;es Rogerio Borges. -</subfield>
  </datafield>
  <datafield tag="260" ind1=" " ind2=" ">
    <subfield code="a">S&#xE3;o Paulo :</subfield>
    <subfield code="b">FTD,</subfield>
    <subfield code="c">1992.</subfield>
  </datafield>
  <datafield tag="300" ind1=" " ind2=" ">
    <subfield code="a">94p. :</subfield>
    <subfield code="b">il. ;</subfield>
  </datafield>
  <datafield tag="490" ind1=" " ind2=" ">
    <subfield code="a">Canto jovem</subfield>
  </datafield>
  <datafield tag="520" ind1=" " ind2=" ">
    <subfield code="a">Voc&#xEA; sabia que em S&#xE3;o Paulo existem crian&#xE7;as abandonadas que moram no "ventinho do metr&#xF4;", na pra&#xE7;a da S&#xE9;?
Lina e seus amigos-jovens como voc&#xEA;-sabiam da exist&#xEA;ncia dessas crian&#xE7;as. Lina, por&#xE9;m, n&#xE3;o imaginava que iria conhec&#xEA;-las t&#xE3;o de perto. Tamb&#xE9;m n&#xE3;o imaginava que um dia teria de fugir de seu Otto, um de seus vizinhos, que , no seu &#xF3;dio contra o subdesenvolvimento brasileiro, pregava o exterm&#xED;nio dos pobres, a come&#xE7;ar pelas crian&#xE7;as.
Lina e seus amigos, sempre t&#xE3;o envolvidos com as fant&#xE1;sticas hist&#xF3;rias de Marinheiro-o mendigo que lutara contra a est&#xE1;tua de Borba Gato-, nem sequer sonhava com a exist&#xEA;ncia de um estranho morador ba torre da igreja. Essas e outras hist&#xF3;rias acontecem em pleno centro de S&#xE3;o Paulo, na pra&#xE7;a Roosevelt.</subfield>
  </datafield>
  <datafield tag="650" ind1=" " ind2="0">
    <subfield code="a">Literatura Brasileira</subfield>
    <subfield code="9">205</subfield>
  </datafield>
  <datafield tag="650" ind1=" " ind2=" ">
    <subfield code="a">Infantojuvenil</subfield>
    <subfield code="9">200</subfield>
  </datafield>
  <datafield tag="650" ind1=" " ind2="0">
    <subfield code="a">Amizade e Solidariedade</subfield>
    <subfield code="9">816</subfield>
  </datafield>
  <datafield tag="650" ind1=" " ind2="0">
    <subfield code="a">Desigualdade social</subfield>
    <subfield code="9">604</subfield>
  </datafield>
  <datafield tag="655" ind1=" " ind2="0">
    <subfield code="a">Romance</subfield>
    <subfield code="9">23</subfield>
  </datafield>
  <datafield tag="655" ind1=" " ind2="0">
    <subfield code="a">Fic&#xE7;&#xE3;o </subfield>
    <subfield code="9">22</subfield>
  </datafield>
  <datafield tag="700" ind1="1" ind2=" ">
    <subfield code="a">Borges, Rog&#xE9;rio,</subfield>
    <subfield code="d">1951-</subfield>
    <subfield code="9">1029</subfield>
  </datafield>
  <datafield tag="830" ind1=" " ind2=" ">
    <subfield code="a">Canto jovem</subfield>
    <subfield code="9">1033</subfield>
  </datafield>
  <datafield tag="942" ind1=" " ind2=" ">
    <subfield code="2">ddc</subfield>
    <subfield code="n">0</subfield>
    <subfield code="c">BK</subfield>
  </datafield>
  <datafield tag="952" ind1=" " ind2=" ">
    <subfield code="0">0</subfield>
    <subfield code="1">0</subfield>
    <subfield code="2">ddc</subfield>
    <subfield code="4">0</subfield>
    <subfield code="7">0</subfield>
    <subfield code="8">FIC</subfield>
    <subfield code="a">BIBIB</subfield>
    <subfield code="b">BIBIB</subfield>
    <subfield code="c">IJ</subfield>
    <subfield code="d">2025-09-02</subfield>
    <subfield code="e">doa&#xE7;&#xE3;o</subfield>
    <subfield code="l">0</subfield>
    <subfield code="o">IJ - 028.5 / A329c</subfield>
    <subfield code="p">2025-17413</subfield>
    <subfield code="r">2025-09-02 15:32:06</subfield>
    <subfield code="w">2025-09-02</subfield>
    <subfield code="y">BK</subfield>
  </datafield>
  <datafield tag="990" ind1=" " ind2=" ">
    <subfield code="a">Livro</subfield>
  </datafield>
  <datafield tag="999" ind1=" " ind2=" ">
    <subfield code="c">480</subfield>
    <subfield code="d">480</subfield>
  </datafield>
</record>
